000 01168nac a22002771u 4500
010 _a 93017996
020 _a0521445426
082 0 0 _a332.4
_bB8972
090 _c4350
_d4350
100 _aBrunner, Karl,
245 1 0 _aMoney and the economy issues in monetary analysis /
_cKarl Brunner, Allan H. Meltzer.
260 _aCambridge [England] ;
_aNew York, NY, USA :
_bCambridge University Press,
_c1993.
300 _axvii, 391 p. :
_bill. ;
_c25 cm.
440 0 _aRaffaele Mattioli lectures
500 _aAt head of title: Raffaele Mattioli Foundation.
504 _aIncludes bibliographical references (p. 362-379) and index.
650 0 _aMonetary policy.
650 0 _aFiscal policy.
700 1 _aMeltzer, Allan H.
700 1 _aNicodano, Giovanna
710 2 _aRaffaele Mattioli Foundation.
856 4 2 _3Publisher description
_uhttp://www.loc.gov/catdir/description/cam025/93017996.html
856 4 2 _3Table of contents
_uhttp://www.loc.gov/catdir/toc/cam022/93017996.html
942 _cBB
_k332.4B8972
999 _c4350
_d4350